000 03537cam a22006374i 4500
003 PE-LiUPU
005 20250731172854.0
008 150616s2015 ag r 000 0 spa d
020 _a987701226X
020 _a9877013258
_qObra completa
020 _a9789877012262
020 _a9789877013252
_qObra completa
035 _a(Sirsi) a162905
040 _aPE-LiUPU
_bspa
_cPE-LiUPU
_erda
041 1 _aspa
_heng
049 _aPRUA
050 _aBX6148.2
_b.NB
082 0 4 _a286.732
_bNBE
110 2 _aACES
245 1 0 _aNotas Biográficas de Elena G. de White :
_bla trayectoria de una mujer de visión /
_cACES.
250 _aPrimera edición.
264 1 _aBuenos Aires :
_bACES,
_c2015.
300 _a461 páginas ;
_c20 centímetros.
336 _atext
_2rdacontent
337 _aunmediated
_2rdamedia
338 _avolume
_2rdacarrier
490 0 _aMensajes de Esperanza.
505 0 _aMi infancia -- Mi conversión -- Luchando contra la duda -- Comienzo de mis actividades públicas -- Mi separación de la iglesia -- La desilusión de 1843-1844 -- Mi primera visión -- Llamada a viajar -- Oraciones contestadas -- Haciendo frente al fanatismo -- El Sábado del Señor -- matrimonio y actividades conjuntas -- Lucha con la pobreza -- Actividades en el oeste de Nueva York en 1848 -- Una visión del sellamiento -- Providencias alentadoras -- Principios de la obra de publicaciones -- Visitando a la grey esparcida -- De nuevo en la obra de publicaciones -- etc.
526 _aSEG42
526 _aSEG41
526 _aSEG40
526 _aSEG39
526 _aP94
526 _aP87
526 _aP86
526 _aP85
526 _aP77
526 _aP76
526 _aP35
534 _pTítulo original :
_tLife sketches of Ellen G. White.
600 1 _aWhite, Elena G. de,
_d1827-1915
910 _ajck
_bebj
_cebj
_d20160811
942 _2ddc
_cBOOK
994 _aC0
_bPEPRU
596 _a1 4
999 _a286.732 NBE 2015
_wLC
_c11833
_i74256
_d11833
_e2017-10-24
_f2021-11-11
_g6
_lCCODEBUL1
_mBUL
_n9
_p7.00
_q1
_r0
_sY
_tBOOK
_u2016-8-11
_xTEOLOGIA
_PP35
_o.STAFF. Colección Teología
999 _a286.732 NBE 2015
_wLC
_c2
_i74257
_d2019-11-6
_e2019-9-27
_f2021-11-11
_g6
_lCCODEBUL1
_mBUL
_n11
_p7.00
_q3
_r0
_sY
_tBOOK
_u2016-8-11
_xTEOLOGIA
_PP35
_0COMPRA
_o.STAFF. Colección Teología
999 _a286.732 NBE 2015
_wLC
_c3
_i74258
_d2018-4-25
_e2017-6-27
_f2021-11-11
_g6
_lCCODEBUL1
_mBUL
_n4
_p7.00
_q2
_r0
_sY
_tBOOK
_u2016-8-11
_xTEOLOGIA
_PP35
_0COMPRA
_o.STAFF. Colección Teología
999 _a286.732 NBE 2015
_wLC
_c4
_i74259
_d2018-8-31
_e2018-8-28
_f2021-11-11
_g6
_lCCODEBUL1
_mBUL
_n10
_p7.00
_q1
_r0
_sY
_tBOOK
_u2016-8-11
_xTEOLOGIA
_PP35
_0COMPRA
_o.STAFF. Colección Teología
999 _a286.732 NBE 2015
_wLC
_c5
_i74260
_d2018-6-12
_e2017-6-6
_f2021-11-11
_g6
_lCCODEBUL1
_mBUL
_n5
_p7.00
_q2
_r0
_sY
_tBOOK
_u2016-8-11
_xTEOLOGIA
_PP35
_0COMPRA
_o.STAFF. Colección Teología
999 _a286.732 NBE 2015
_wLC
_c6
_i74261
_d2019-6-26
_e2017-6-13
_f2021-11-11
_g6
_lCCODEBUL1
_mBUL
_n8
_p7.00
_q5
_r0
_sY
_tBOOK
_u2016-8-11
_xTEOLOGIA
_PP35
_0COMPRA
_o.STAFF. Colección Teología
999 _a286.7325 NBE 2014
_wDEWEY
_c1
_iCW00116
_f2021-12-21
_g2
_lCCODECWL1
_mBWL
_r0
_sY
_tBOOK
_u2017-2-2
_xWHITE
_zUNKNOWN
_0COMPRA
_o.STAFF. Centro White
999 _a286.7325 NBE 2014
_wDEWEY
_c2
_iCW00117
_f2021-12-21
_g2
_lCCODECWL1
_mBWL
_r0
_sY
_tBOOK
_u2017-2-2
_xWHITE
_zUNKNOWN
_0COMPRA
_o.STAFF. Centro White
980 _81
_gALBERTO SANCHEZ Responsable de Automatización